| 000 | 00546nam a2200205Ia 4500 | ||
|---|---|---|---|
| 005 | 20241216010846.0 | ||
| 008 | 190212s9999||||xx |||||||||||||| ||und|| | ||
| 082 |
_a612 _bG97 |
||
| 100 | _aGYTON, ARTHUR C. | ||
| 245 | 0 | _aTRATADO DE FISIOLOGIA MEDICA | |
| 250 | _a5 | ||
| 260 |
_aMEXICO _bINTERAMERICANA _c1977 |
||
| 300 |
_a1159 pag _c24.5 cm |
||
| 341 | _h0 | ||
| 490 |
_v0 _a2 |
||
| 505 | _aFISIOLOGIA DE AVIACION/ESPACIO/BUCEO MARINO/SISTEMA NERVIOSO | ||
| 541 |
_aD _d23-Mar-04 _oSoles |
||
| 650 | _aCIENCIAS APLICADAS | ||
| 942 | _cLIBRO | ||
| 999 |
_c26005 _d26005 |
||